[Event "British Rapidplay"]
[Site "Peterborough"]
[Date "2024.03.02"]
[Round "1"]
[White "De Silva, Sithun"]
[Black "Mikalajunas, Kajus"]
[Result "0-1"]
[WhiteElo "1786"]
[BlackElo "1940"]
[PlyCount "70"]
[EventDate "2024.03.02"]
[EventType "swiss (rapid)"]
[EventRounds "11"]
[EventCountry "ENG"]
[SourceTitle "CB10_2024"]
[SourceDate "2024.03.06"]
[SourceVersion "1"]
[SourceVersionDate "2024.03.06"]
[SourceQuality "1"]

1. e4 c6 2. d4 d5 3. Nc3 dxe4 4. Nxe4 Nf6 5. Nxf6+ exf6 6. c3 Bd6 7. Bd3 0-0 8. Ne2 Re8 9. 0-0 Nd7 10. Qc2 Nf8 11. g3 Bh3 12. Re1 Qd7 13. Bf4 Ng6 14. Bxd6 Qxd6 15. Bxg6 hxg6 16. Nf4 Bf5 17. Qd2 g5 18. Nd3 Qd5 19. Nb4 Qf3 20. Nc2 Be4 21. Rxe4 Rxe4 22. Ne1 Qe2 23. Qxe2 Rxe2 24. Rb1 Rae8 25. Kf1 g4 26. Nd3 Rd2 27. Nf4 Kh7 28. h4 g5 29. hxg5 fxg5 30. Ng2 Ree2 31. Ne3 Rxf2+ 32. Kg1 Rf3 33. Nxg4 Rxg3+ 34. Kf1 Rxg4 35. Ke1 Rh2 0-1